| 000 | 00489cam a2200193ua 4500 | ||
|---|---|---|---|
| 020 | _c8.50 | ||
| 041 |
_aeng _h |
||
| 082 |
_a342.02 _bSAT/ST |
||
| 100 | _aSatyendranath, Sen . | ||
| 245 |
_aStudies in modern constitutions / _cSatyendranath Sen. _hTextual Documents |
||
| 250 |
_a14 / _b. |
||
| 260 |
_aCalcutta : _bBookland Pvt Ltd , _c1962. |
||
| 300 | _a453 ; . | ||
| 365 | _a8.50 | ||
| 504 | _a | ||
| 700 | 1 | _aSisir kumar , Das . | |
| 942 | _cBK | ||
| 999 |
_c12459 _d12459 |
||